John Lennon Solo Albums Quiz - Statistics

General Stats
  • This quiz has been taken 61 times
  • The average score is 9 of 11
Answer Stats
Hint Answer % Correct
1968 Unfinished Music No. 1: Two Virgins
100%
1968 Unfinished Music No. 2: Life with the Lions
100%
1971 Imagine
94%
1970 John Lennon/Plastic Ono Band
88%
1980 Double Fantasy
83%
1973 Mind Games
81%
1974 Walls and Bridges
71%
1984 Milk and Honey
69%
1975 Rock 'n' Roll
65%
1972 Some Time in New York City
60%
1969 Wedding Album
40%
No matching quizzes found
Score Distribution
Percent of People with Each Score
Percentile by Number Answered
Your Score History
You have not taken this quiz